| 000 | 02566nam a22002657a 4500 | ||
|---|---|---|---|
| 001 | 3577 | ||
| 003 | FISKH | ||
| 005 | 20240321115327.0 | ||
| 008 | 240321b cb ||||| |||| 00| 0 eng d | ||
| 040 |
_aFISKH _bkhr _cFISKH _dFISKH |
||
| 050 | _aPZ7 | ||
| 082 | _a641.3373 | ||
| 100 | _aS K, Dhamendra | ||
| 245 |
_aជំនួបតុកាហ្វេរវាង ដុកទ័រ ម៉េងលី និងខ្ញុំ / _cDhamendra S K & Oknha Dr. Mengly Jandy Quach |
||
| 246 | _aDr. Mengly, Coffee and Me Healthy Conversations | ||
| 260 |
_aPhnom Penh : _bMENGLY J. QUACH University Press, _c2016. |
||
| 300 |
_a118 unnumbered pages : _c22 cm |
||
| 520 | _a"ជំនួបតុកាហ្វេរវាង ដុកទ័រ ម៉េងលី និងខ្ញុំ"គឺជាការចងក្រងនូវគំនិតវិជ្ជមានដែលចេញមកពីលទ្ធផលនៃការសន្ទនាបើកចំហជាបន្តបន្ទាប់ដែលធ្វើឡើងរវាងគ្រូបង្រៀននិងសិស្សនិងចាស់ទុំនិងវ័យក្មេងសហគ្រិននិងអ្នកដែលចូលចិត្ត និងរវាងមិត្តល្អពីរនាក់។ សមាសភាពនៃអតីតកាល, ស៊ុមប្រាកដនិយមនៃបច្ចុប្បន្ននិងជឿវិធីឆ្ពោះទៅរកអនាគតល្អប្រសើរជាងមុនត្រូវបានរកឃើញនៅក្នុងសៀវភៅនេះ។ សៀវភៅនេះធ្វើឱ្យមេដឹកនាំមើលទៅកាន់តែងាយស្រួលជាងពេលណាៗទាំងអស់។" | ||
| 520 | _aDr. Mengly, Coffee and Me is Dharmen's compilation of positive thought which came out as a result of a series of open-minded conversations held between a teacher and a student, an elder and a younger, an entrepreneur and an enthusiast and between two good friends. Fractions of the past, realistic frame of the present and believable approaches towards a better future are found in this book. This book makes a leader look more approachable than ever. | ||
| 650 |
_aជំនួបតុកាហ្វេ _xពីនេះពីនោះ |
||
| 650 |
_aCoffee talk _xFrom this from that |
||
| 700 | _aMengly J. Quach | ||
| 942 |
_2ddc _cKHB _n0 |
||
| 999 |
_c3577 _d3577 |
||